000 01003nam a2200229Ii 4500
003 JO-AjNU
008 230605s9999||||xx |||||||||||||| ||und||
017 _a2014/5/2178
020 _a978-9957-582-24-1
040 _aJO-AjNU
_bara
_erda
_cJO-AjNU
041 _aara
050 1 4 _aD208.2015
100 3 _aتأليف: المهداوي، علي هادي عباس,
_eauthor
_960958
245 0 0 _aتاريخ اوروبا الحديث(1789-1870): دراسة تاريخية في مفهوم القومية وتأثير العامل القومي في العلاقات الدولية
250 _aالطبعة الاولي
264 3 1 _aعمان/بغداد: دار الوضاح للنشر/ مكتبة دجلة، 2015
300 _a176ص
_b ويحتوي على قائمة مراجع من ص169ص- 176ص
336 _atext
_btxt
_2rdacontent
337 _aunmediated
_bn
_2rdamedia
338 _avolume
_bnc
_2rdacarrier
650 4 _aتاريخ- اوروبا - العصر الحديث- تاريخ
_960959
999 _aA27525
_c31093
_d31093